Narkotikaproblemet / 3 Samordnade åtgärder : betänkande avgivet av socialstyrelsens narkomanvårdskommitté

Guardado en:  
Detalles Bibliográficos
Tipo de documento: Print Libro
Lenguaje:Sueco
Publicado: Stockholm 1969
En: Narkotikaproblemet
Año: 1969
Verificar disponibilidad: HBZ Gateway
Servicio de pedido Subito: Pedir ahora.

MARC

LEADER 00000cam a22000002cc4500
001 135139584X
003 DE-627
005 20220527142038.0
007 tu
008 080603s1969 xx ||||| 00| ||swe c
035 |a (DE-627)135139584X 
035 |a (DE-576)281395845 
035 |a (DE-599)BSZ281395845 
040 |a DE-627  |b ger  |c DE-627  |e rakwb 
041 |a swe 
245 0 0 |a Narkotikaproblemet  |n 3  |p Samordnade åtgärder : betänkande avgivet av socialstyrelsens narkomanvårdskommitté 
264 1 |a Stockholm  |c 1969 
300 |a 445 S. 
336 |a Text  |b txt  |2 rdacontent 
337 |a ohne Hilfsmittel zu benutzen  |b n  |2 rdamedia 
338 |a Band  |b nc  |2 rdacarrier 
490 1 |a Statens offentliga utredningar  |v 1969,52 
583 1 |a Archivierung prüfen  |c 20200919  |f DE-640  |z 1  |2 pdager 
773 1 8 |a Narkotikaproblemet  |w (DE-627)1351395319  |w (DE-576)281395314  |g 3  |q 3  |7 nnam 
830 0 |a Statens offentliga utredningar  |v 1969,52  |9 1969,52  |w (DE-627)130510556  |w (DE-576)016085450  |w (DE-600)763816-4  |x 0375-250X  |7 am 
935 |a mkri 
951 |a MV 
ELC |b 1 
LOK |0 000 xxxxxcx a22 zn 4500 
LOK |0 001 2572633817 
LOK |0 003 DE-627 
LOK |0 004 135139584X 
LOK |0 005 20080603152919 
LOK |0 008 080603||||||||||||||||ger||||||| 
LOK |0 040   |a DE-Frei85  |c DE-627  |d DE-Frei85 
LOK |0 852   |a DE-Frei85 
LOK |0 852 1  |m p  |9 00 
LOK |0 938   |k p 
LOK |0 939   |a 03-06-08  |b l01 
ORI |a SA-MARC-krimdoka001.raw